| 000 | 00821nam a22001817a 4500 | ||
|---|---|---|---|
| 008 | 100624t xxu||||| |||| 00| 0 eng d | ||
| 082 |
_222 _a153.8 _bح س ي |
||
| 100 |
_915229 _aحسين، أحمد |
||
| 245 |
_aالطاقة الانسانية / _cأحمد حسين |
||
| 260 |
_aالقاهرة: _bدار القلم ، [1963?] _c[1963?] |
||
| 300 |
_a517 ص؛ _c24 سم |
||
| 500 | _aيشتمل على كشاف بالأعلام | ||
| 541 | _aجمعية الرعاية المتكاملة ؛ | ||
| 650 |
_915230 _aالارادة (علم النفس) |
||
| 650 |
_915231 _aالدوافع |
||
| 942 |
_2ddc _cBB |
||
| 999 |
_c14219 _d14219 |
||